Základné rozvojové tendencie výskumu a vývoja vo svete

Gespeichert in:
Bibliographische Detailangaben
1. Verfasser: Šarmír, Eduard
Format: Buch
Sprache:Slowakisch
Veröffentlicht: Bratislava Prognostický ústav SAV 2001
Schriftenreihe:Pracovné materiály č. 8
Schlagworte:
Tags: Tag hinzufügen
Keine Tags, Fügen Sie das erste Tag hinzu!

MARC

LEADER 00000nam a2200000 4500
001 c133619
005 20221124104204.5
041 0 |a slo 
044 |a SK 
245 1 0 |a Základné rozvojové tendencie výskumu a vývoja vo svete  |c Eduard Šarmír 
264 1 |a Bratislava  |b Prognostický ústav SAV  |c 2001 
300 |a 40 s. 
490 1 |a Pracovné materiály  |v č. 8 
830 0 |a Pracovné materiály  |v č. 8 
610 2 0 |a veda 
610 2 0 |a výskum 
610 2 0 |a rozvoj vedeckotechnický 
610 2 0 |a rozvoj vedecký 
610 2 0 |a rozvoj technický 
610 2 0 |a svet 
610 2 0 |a politika vedecká 
610 2 0 |a politika vedeckotechnická 
100 1 |a Šarmír, Eduard